| 000 | 01077nam a2200325 i 4500 | ||
|---|---|---|---|
| 001 | bg | ||
| 100 | 1 | _aSTEINER, Robert | |
| 245 | 1 | 0 |
_aRynki finansowe : _bprzewodnik encyklopedyczny / _cRobert Steiner ; przeł. Remigusz Lipiec. |
| 246 |
_iTyt. oryg.: _aKey market concepts: 100 finance terms explained |
||
| 260 |
_aKraków : _bOficyna Ekonomiczna, _c2002. |
||
| 300 |
_a309 s. : _bil. ; _c24 cm. |
||
| 490 | 1 | _aBiblioteka Praktyków Zarządzania | |
| 500 | _aTyt. oryg.: "Key market concepts: 100 finance terms explained". | ||
| 504 | _aIndeks. | ||
| 650 | 9 | _aRynek finansowy | |
| 650 | 9 | _aInstrumenty pochodne | |
| 650 | 9 | _aRynek pieniężny | |
| 650 | 9 | _aObligacje | |
| 650 | 9 | _aSwapy procentowe | |
| 650 | 9 |
_aRyzyko _xfinanse _xzarządzanie |
|
| 830 | _aBiblioteka Praktyków Zarządzania | ||
| 020 | _a8388597574 | ||
| 040 | _cBPK | ||
| 041 | 1 |
_apl _hen |
|
| 080 | _a336.7(0) | ||
| 920 | _a83-88597-57-4 | ||
| 942 | _cKS | ||
| 008 | s pl f |000 0 pol | ||
| 999 |
_c41901 _d41901 |
||
| 856 |
_uhttp://koha.tu.koszalin.pl/cgi-bin/koha/opac-detail.pl?biblionumber=41901 _yKatalog online BPK |
||